000
00264nam a22001097a 4500
008
9780801670077
020
_a
0801670071
041
_a
eng
080
_a
618.2
245
_a
Clinical nursing skills Techniques:
_c
Anne Griffin Perry; Patrcia A. Potter;
942
_2
udc
_c
BK
999
_c
1683
_d
1683